| 000 | 00656nam a22001937a 4500 | ||
|---|---|---|---|
| 005 | 20240529150136.0 | ||
| 010 | _aENG-140540 | ||
| 020 |
_a9788121512800 _c3000.00 |
||
| 035 | _aEN-124072 | ||
| 037 | _bDBAD | ||
| 082 |
_a294.5213 _21 |
||
| 100 |
_aSrivastava, Kamal Shankar _967059 |
||
| 245 |
_aAspects of Siva and Sakti in Indian Art: _bEarliest Times to the Cola Period/ _cBy Kamal Shankar Srivastava |
||
| 250 | _a1 | ||
| 260 |
_aNew Delhi _bMunshiram Manoharlal Publisher Pvt Ltd _c2021 |
||
| 270 |
_aPO Box 5715, Rani Khansi Road _bNew Delhi _e110055 |
||
| 300 |
_axxxii,562p. _c28cm(hbk) |
||
| 942 |
_2ddc _cEN _h294.5213 _mSRI _e1 |
||
| 999 |
_c203373 _d203373 |
||